Guess the 1970s song lyrics #130 - Statistics

General Stats
  • This quiz has been taken 20 times
  • The average score is 121 of 197
Answer Stats
Answer % Correct
a
94%
I
94%
the
94%
When
94%
who
94%
you
94%
You
94%
be
88%
To
88%
for
81%
it
81%
me
81%
my
81%
there
81%
And
75%
on
75%
was
75%
can't
69%
could
69%
needed
69%
So
69%
that
69%
why
69%
it's
63%
were
63%
believe
56%
into
56%
Out
56%
up
56%
again
50%
at
50%
gave
50%
own
50%
see
50%
should
50%
I'll
44%
took
44%
true
44%
alone
38%
Cause
38%
cold
38%
friend
38%
hand
38%
held
38%
I'd
38%
leave
38%
really
38%
back
31%
Back
31%
end
31%
even
31%
face
31%
fool
31%
hope
31%
never
31%
put
31%
someone
31%
stand
31%
strength
31%
world
31%
bought
25%
called
25%
cares
25%
cried
25%
dry
25%
found
25%
high
25%
home
25%
soul
25%
tear
25%
Upon
25%
wiped
25%
almost
19%
eternity
19%
lost
19%
mind
19%
pedestal
19%
sold
19%
cleared
13%
confused
13%
dignity
13%
finally
13%
Somehow
13%
truth
13%
lies
6%
turned
6%
No matching quizzes found
Score Distribution
Percent of People with Each Score
Percentile by Number Answered
Your Score History
You have not taken this quiz